Návraty do Liptova Na okraj 17. ročníka festivalu umeleckého prednesu revolučnej poézie a prózy Plávkov Liptov

Bibliographic Details
Main Author: Čabová, Zuzana (Author)
Format: Article
Language:Slovak
Subjects:

MARC

LEADER 00000nab a2200000 a 4500
001 vtls000364736
003 SK-MaSNL
005 20260303130511.0
008 111202c1989 xo 0 slo
015 |a SNBRB19rr/mm-uuuuu 
035 |a CL0364858 
040 |a SNKBUCL  |b slo  |c SNKBUCL  |e AACR2 
041 0 |a slo 
044 |a xo  |c SK 
080 |a 82:061.7:06.063:82.085  |2 1981 
080 |a 061.7  |2 1981 
080 |a 06.063  |2 1981 
080 |a 82.085  |2 1981 
100 1 |a Čabová, Zuzana  |4 aut  |9 923742 
245 1 0 |a Návraty do Liptova  |b Na okraj 17. ročníka festivalu umeleckého prednesu revolučnej poézie a prózy Plávkov Liptov  |c Zuzana Čabová 
650 0 7 |a recitácie  |2 snkbucl  |9 31371 
650 0 7 |a Plávkov Liptov 1989, Liptovský Mikuláš  |2 snkbucl  |9 1145994 
651 7 |a 5304  |2 snkbucl  |9 277630 
655 7 |a články z novín a časopisov  |2 snkbucl  |9 267496 
655 7 |a články z odboru literárna veda a krásna literatúra  |2 snkbucl  |9 770045 
773 0 |t Osvetová práca  |g Roč. 39, č. 15 (1989), s. 24-26 
850 |a Slovenská národná knižnica v Martine  |a MTA001 
852 |a SNK  |b KIS3GCP 
958 |a RK 
958 |a LX 
992 |a RBX 
999 |c 1940939  |d 1942869